Les Pays les plus Riches au Monde - Statistiques

Statistiques générales
  • Ce quiz a été pris 351 fois
  • Le résultat moyen est 9 sur 10
Statistiques - réponses
PIB ( milliars de dollars ) Réponse % Correct
2 782 France
98%
25 462 Etats-Unis
97%
17 963 Chine
96%
4 072 Allemagne
93%
2 240 Russie
93%
4 231 Japon
92%
3 070 Royaume-Uni
89%
2 139 Canada
87%
3 385 Inde
83%
2 010 Italie
83%
Aucun quiz correspondant
Distribution des résultats
% des personnes avec chaque résultat
Percentile par nombre de réponses
Votre historique - résultats
Vous n’avez pas pris ce quiz